1648 1589 1269 1298 1027 1856 1825 1464 1023 1064 1712 1548 1212 1294 1482 1289 1789 1545 1208 1894 1132 1398 1600 1716 1555 1007 1124 1026 1451 1132 1472 1063 1298 1318 1452 1743 1961 1542 1003 1183 1037 1825 1746 1498 1171 1129 1051 1903 1802 1857 1432 1838 1741 1952 1636 1302 1325 1836 1978 1267 1965 1792 1589 1367 1915 1644 1823 1738 1860 1307 1825 1170 1736 1219 1340 1863 1883 1322 1348 1863 1912 1608 1988 1298 1035 1343 1214 1008 1519 1664 1715 1164 1180 1069 1175 1790 1438 1822 1745 BCNSPRNW ULIB Ver.6.0+V

เปลี่ยนเป็นภาษาไทย

Change to English
 แสดงรายละเอียดบรรณานุกรม
  กลับหน้าหลัก

Brief Record : Get Marc (ISO 2709) : E-mail record : QR code < ปิดหน้าต่าง
LEADER : 00000nam 2200000uu 4500
001    13399109235
003     ULIB
008    110324s2546||||th 000 0 tha d
020    9744652276
060 04 WA540JT3^bส223ร 2546
245 00 รายงานประจำปี 2545-2546 /^cสถาบันวิจัยระบบสาธารณสุข
260    กรุงเทพฯ :^bสถาบันวิจัยระบบสาธารณสุข,^c2546
300    96 หน้า :^bภาพประกอบ
650  7 รายงานประจำปี
945    ^p0^l0^i015802
995    ทศพร
999 ^a ใช้งานได้ทุกระบบ
รายการนี้ยังไม่มีแท็ก
คุณยังไม่ได้ล็อกอิน คุณสามารถมีกิจกรรมร่วมกับเว็บไซต์ได้ แต่ต้องล็อกอินก่อน ::
  ล็อกอิน

รายการสื่อสารสนเทศ

ลำดับที่ ประเภท เลขเรียก/บาร์โค้ด สถานที่ สถานะ
- ไม่พบข้อมูล -

รายการใกล้เคียง
    หัวเรื่อง [รายงานประจำปี]

BibComment


ยังไม่เคยถูกคอมเมนท์

คอมเมนท์ทรัพยากรรายการนี้
  คอมเมนท์: รายงานประจำปี 254..


 Copyright 2026. Bcnsprnw @Library